000 00314nam a22001337a 4500
008 170904b xxu||||| |||| 00| 0 eng d
020 _a9780495503484
041 _aeng
080 _214TH
_a070
100 _a40
101 _aMED
245 _aTHE CHALLENGE OF EFFECTIVE SPEAKING
_cVERDERBER,R.F
942 _2udc
_cBK
999 _c25914
_d25914